000 00611nam a2200181 i 4500
001 83719
003 ES-MaACL
005 20230906174859.0
007 t|
008 041118s1913 sp ||||1| spa d
100 1 _aJardón y Santa Eulalia, Alberto.
_966125
245 1 3 _aLa filosofía política del Renacimiento en España
_b: tésis doctoral /
_cAlberto Jardón y Santa Eulalia.
260 _aMadrid :
_b[s.n.],
_c1913 (
_fTip. Lit. de A. Pérez Caballero)
300 _a41 p. ;
_c21 cm.
502 _aTesis doctoral.
650 4 _aPolítica-
_xFilosofía-
_zEspaña.
_916276
852 _aES-MaACL
_jT-1370-F-4
999 _c83719
_d83719